Bài thơ tình của lính
Sparad:
| Huvudupphovsman: | |
|---|---|
| Materialtyp: | Bok |
| Språk: | Undetermined |
| Publicerad: |
H.
QĐND
2004
|
| Ämnen: | |
| Taggar: |
Lägg till en tagg
Inga taggar, Lägg till första taggen!
|
| Thư viện lưu trữ: | Trung tâm Học liệu Trường Đại học Cần Thơ |
|---|
| LEADER | 00549nam a2200217Ia 4500 | ||
|---|---|---|---|
| 001 | CTU_59489 | ||
| 008 | 210402s9999 xx 000 0 und d | ||
| 020 | |b 34000 | ||
| 082 | |a 895.922134 | ||
| 082 | |b Nh561 | ||
| 100 | |a Trần Nhương | ||
| 245 | 0 | |a Bài thơ tình của lính | |
| 245 | 0 | |c Trần Nhương | |
| 260 | |a H. | ||
| 260 | |b QĐND | ||
| 260 | |c 2004 | ||
| 650 | |a vietnamese poetry | ||
| 650 | |x collections | ||
| 650 | |y 20th century | ||
| 904 | |i Minh | ||
| 980 | |a Trung tâm Học liệu Trường Đại học Cần Thơ | ||